000 00250nam a2200097Ia 4500
001 1252155
005 20251031150929.0
008 251031s9999 xx 000 0 und d
245 0 _cAYÇA SIĞIRCI
_aÜ-4 BALDİYAR ÜÇGENİ
260 _bERDEM YAYINLARI
999 _c1252155
_d1252155